[Event "Mislata op-C 51st"]
[Site "Mislata"]
[Date "2017.08.11"]
[Round "7.1"]
[White "Hidalgo Herrera, Antonio"]
[Black "Soria Martinez, Sergio"]
[Result "0-1"]
[WhiteElo "1896"]
[BlackElo "1857"]
[PlyCount "68"]
[EventDate "2017.08.07"]
[EventType "swiss"]
[EventRounds "9"]
[EventCountry "ESP"]
[SourceTitle "EXT 2024"]
[Source "ChessBase"]
[SourceDate "2023.10.10"]
[SourceVersion "1"]
[SourceVersionDate "2023.10.10"]
[SourceQuality "1"]

1. e4 c5 2. Nf3 d6 3. d4 cxd4 4. Nxd4 Nf6 5. Nc3 a6 6. h3 Nc6 7. g4 e6 8. Bg2 Qc7 9. Be3 Be7 10. 0-0 0-0 11. Nce2 Rb8 12. f4 Nxd4 13. Bxd4 e5 14. Be3 b5 15. f5 Bb7 16. Ng3 d5 17. g5 Nxe4 18. Nxe4 dxe4 19. Kh2 Bc5 20. Bxc5 Qxc5 21. Qe2 e3 22. Bxb7 Rxb7 23. Rad1 Rc7 24. c3 b4 25. Rd3 e4 26. Rxe3 Qe5+ 27. Kh1 bxc3 28. Rxe4 Qd5 29. Rd1 Qxf5 30. Re8 Qxh3+ 31. Kg1 Qg3+ 32. Kh1 Qh4+ 33. Kg1 Qxg5+ 34. Kh1 g6 0-1

[Event "Valencia Region-ch Preferente"]
[Site "Valencia"]
[Date "2016.11.12"]
[Round "6"]
[White "Hidalgo Herrera, Antonio"]
[Black "Llavata Sanchis, Roberto"]
[Result "1-0"]
[WhiteElo "1880"]
[BlackElo "1945"]
[PlyCount "63"]
[EventDate "2016.10.01"]
[EventType "swiss"]
[EventRounds "7"]
[EventCountry "ESP"]
[SourceTitle "EXT 2024"]
[Source "ChessBase"]
[SourceDate "2023.10.10"]
[SourceVersion "1"]
[SourceVersionDate "2023.10.10"]
[SourceQuality "1"]

1. e4 e6 2. d4 d5 3. Nc3 Nf6 4. exd5 exd5 5. Bd3 Nc6 6. Nf3 Bg4 7. Be2 Be7 8. 0-0 a6 9. Re1 0-0 10. h3 Bh5 11. g4 Bg6 12. Ne5 Ne4 13. Nxg6 hxg6 14. Bf3 Nxc3 15. bxc3 Na5 16. Bxd5 Bf6 17. Bg2 Rb8 18. Bf4 Qd7 19. Qd3 Rbd8 20. Rab1 g5 21. Be5 Be7 22. c4 Nc6 23. Bg3 Bd6 24. Rxb7 Bxg3 25. Qxg3 Nxd4 26. Qxc7 Qa4 27. Re7 Rc8 28. Qd7 Qxc4 29. Rxf7 Ne6 30. Rxg7+ Kh8 31. Rh7+ Kg8 32. Qg7+ 1-0

[Event "Provincial-ch Valencia Preferente"]
[Site "Valencia"]
[Date "2014.10.18"]
[Round "3.2"]
[White "Hidalgo Herrera, Antonio"]
[Black "Cebrian Flores, Juan Antonio"]
[Result "0-1"]
[WhiteElo "1880"]
[BlackElo "2000"]
[PlyCount "46"]
[EventDate "2014.09.27"]
[EventType "swiss"]
[EventRounds "7"]
[EventCountry "ESP"]
[SourceTitle "EXT 2024"]
[Source "ChessBase"]
[SourceDate "2023.10.10"]
[SourceVersion "1"]
[SourceVersionDate "2023.10.10"]
[SourceQuality "1"]

1. e4 g6 2. d4 Bg7 3. f4 d6 4. Nf3 a6 5. Bd3 Nd7 6. 0-0 c5 7. c3 e6 8. f5 Ngf6 9. fxe6 fxe6 10. Ng5 Qe7 11. Qe2 0-0 12. Be3 b5 13. Nd2 Bb7 14. Rad1 Rae8 15. Bb1 Qd8 16. e5 Nd5 17. Nge4 Nxe3 18. Qxe3 Bxe4 19. Nxe4 Rxf1+ 20. Rxf1 cxd4 21. cxd4 dxe5 22. dxe5 Bxe5 23. Nc5 Qh4 0-1

[Event "Provincial-ch Valencia Primera"]
[Site "Valencia"]
[Date "2012.11.10"]
[Round "5"]
[White "Lopez Garcia, Natalio Miguel"]
[Black "Hidalgo Herrera, Antonio"]
[Result "1/2-1/2"]
[WhiteElo "1721"]
[BlackElo "1956"]
[PlyCount "36"]
[EventDate "2012.10.06"]
[EventType "swiss"]
[EventRounds "7"]
[EventCountry "ESP"]
[SourceTitle "EXT 2024"]
[Source "ChessBase"]
[SourceDate "2023.10.10"]
[SourceVersion "1"]
[SourceVersionDate "2023.10.10"]
[SourceQuality "1"]

1. d4 Nf6 2. c4 e6 3. Nc3 Bb4 4. a3 Bxc3+ 5. bxc3 0-0 6. Bg5 h6 7. Bh4 c5 8. Nf3 Qa5 9. Qb3 Ne4 10. Rc1 g5 11. Bg3 f5 12. h3 f4 13. Bh2 cxd4 14. Nxd4 Qc5 15. f3 Nd6 16. Qc2 Nf5 17. Nxf5 Qxf5 18. e4 Qf6 1/2-1/2

[Event "Provincial-ch Valencia Primera"]
[Site "Valencia"]
[Date "2012.10.27"]
[Round "3"]
[White "Hidalgo Herrera, Antonio"]
[Black "Torres Curado, Ruben"]
[Result "1/2-1/2"]
[WhiteElo "1956"]
[BlackElo "1741"]
[PlyCount "37"]
[EventDate "2012.10.06"]
[EventType "swiss"]
[EventRounds "7"]
[EventCountry "ESP"]
[SourceTitle "EXT 2024"]
[Source "ChessBase"]
[SourceDate "2023.10.10"]
[SourceVersion "1"]
[SourceVersionDate "2023.10.10"]
[SourceQuality "1"]

1. e4 c5 2. Nf3 d6 3. d4 cxd4 4. Nxd4 Nf6 5. Nc3 a6 6. Bg5 Nbd7 7. Be2 e6 8. 0-0 Be7 9. Kh1 Qc7 10. f4 b5 11. a3 Bb7 12. Bf3 h6 13. Bxf6 Bxf6 14. e5 dxe5 15. Ndxb5 axb5 16. Nxb5 Qb6 17. Nd6+ Ke7 18. Bxb7 Rab8 19. Nc4 1/2-1/2

[Event "Provincial-ch Valencia Primera"]
[Site "Valencia"]
[Date "2012.10.06"]
[Round "1"]
[White "Hidalgo Herrera, Antonio"]
[Black "Cubells Izquierdo, Jose"]
[Result "1-0"]
[WhiteElo "1956"]
[BlackElo "1670"]
[PlyCount "40"]
[EventDate "2012.10.06"]
[EventType "swiss"]
[EventRounds "7"]
[EventCountry "ESP"]
[SourceTitle "EXT 2024"]
[Source "ChessBase"]
[SourceDate "2023.10.10"]
[SourceVersion "1"]
[SourceVersionDate "2023.10.10"]
[SourceQuality "1"]

1. e4 e5 2. Nf3 Nc6 3. Bb5 a6 4. Ba4 Nf6 5. 0-0 d6 6. Re1 b5 7. Bb3 Na5 8. d4 Nxb3 9. axb3 exd4 10. Nxd4 Bd7 11. Nf5 Bxf5 12. exf5+ Be7 13. Qe2 Kf8 14. Nd2 d5 15. Nf3 Ne4 16. Ne5 Bd6 17. Bf4 Qe8 18. Nd3 Bxf4 19. Nxf4 c6 20. Qe3 Nf6 1-0

[Event "North American op"]
[Site "Las Vegas"]
[Date "1995.??.??"]
[Round "6"]
[White "Diamond, Jim A"]
[Black "Hidalgo Herrera, Antonio"]
[Result "1-0"]
[WhiteElo "2205"]
[BlackElo "2120"]
[PlyCount "37"]
[EventDate "1995.12.??"]
[EventType "swiss"]
[EventRounds "6"]
[EventCountry "USA"]
[SourceTitle "EXT 1998"]
[Source "ChessBase"]
[SourceDate "1997.11.17"]
[SourceVersion "1"]
[SourceVersionDate "1997.11.17"]
[SourceQuality "1"]

1. Nf3 f5 2. g3 g6 3. Bg2 Bg7 4. 0-0 Nf6 5. d4 d6 6. c4 0-0 7. Nc3 c6 8. d5 e5 9. dxe6 Bxe6 10. Qd3 Na6 11. Bf4 d5 12. Ng5 Bc8 13. cxd5 Nb4 14. Qc4 Nbxd5 15. Rad1 h6 16. Nxd5 cxd5 17. Bxd5+ Nxd5 18. Rxd5 Be6 19. Nxe6 1-0